Amendment to code of fair competition for bankers as approved on November 28, 1934.

Bibliographic Details
Corporate Author: United States. National Recovery Administration (Author)
Format: Government Document eBook
Language:English
Published: Washington : United States Government Printing Office, 1934.
Subjects:
Online Access:https://purl.fdlp.gov/GPO/gpo48249

MARC

Tag First Indicator Second Indicator Subfields
LEADER 00000cam a2200000 i 4500
001 in00003455313
005 20211120171942.0
006 m o d f
007 cr bn|
008 130901s1934 dcu o f000 0 eng c
035 |a (OCoLC)ocn857367964 
040 |a OCLCE  |b eng  |e rda  |e pn  |c OCLCE  |d GPO  |d MvI  |d UtOrBLW 
042 |a pcc 
043 |a n-us--- 
049 |a WWW 
074 |a 9999 (online) 
086 0 |a Y 3.N 21/8:7 AP.47/AMDT.2 
110 1 |a United States.  |b National Recovery Administration,  |e author. 
245 1 0 |a Amendment to code of fair competition for bankers as approved on November 28, 1934. 
246 3 0 |a Bankers 
264 1 |a Washington :  |b United States Government Printing Office,  |c 1934. 
300 |a 1 online resource (3 pages) 
336 |a text  |b txt  |2 rdacontent 
337 |a computer  |b c  |2 rdamedia 
338 |a online resource  |b cr  |2 rdacarrier 
500 |a Title from title screen (viewed on Apr. 23, 2014). 
500 |a At head of title: National Recovery Administration. 
500 |a Publication pre-dates item numbers. No item number has been assigned. 
500 |a "Registry Number 1707-02." 
500 |a "Approved Code Number 47. Amendment Number 2." 
650 0 |a Banks and banking  |z United States. 
776 0 8 |i Print version:  |a United States. National Recovery Administration.  |t Amendment to code of fair competition for bankers as approved on November 28, 1934  |w (OCoLC)645132174 
856 4 0 |u https://purl.fdlp.gov/GPO/gpo48249  |t 0 
999 |a MARS 
999 f f |s 5a98c3dc-6739-3166-9de3-0f252f77b3b8  |i ebfedeab-bf1f-3086-8d65-04a629b9b4d0  |t 0 
952 f f |a Texas A&M University  |b College Station  |c Electronic Resources  |d Available Online  |t 0  |e Y 3.N 21/8:7 AP.47/AMDT.2  |h Superintendent of Documents classification 
998 f f |a Y 3.N 21/8:7 AP.47/AMDT.2  |t 0  |l Available Online